| 000 | 00665nam a2200265Ia 4500 | ||
|---|---|---|---|
| 005 | 20260121171428.0 | ||
| 008 | 008 260114s9999 xx 000 0 eng d | ||
| 020 | _a9783030220907 | ||
| 037 | _aEBOOK | ||
| 040 | _aCRL | ||
| 040 | _beng | ||
| 040 | _cCRL | ||
| 041 | _2eng | ||
| 041 | _aeng | ||
| 084 | _qCRL | ||
| 100 |
_aAntonino Pennisi, Alessandra Falzone _91076122 |
||
| 245 | 4 | _aThe Extended Theory of Cognitive Creativity | |
| 260 | _bSpringer | ||
| 260 | _bSpringer | ||
| 260 | _c2020 | ||
| 856 | _uhttps://link.springer.com/openurl?genre=book&isbn=978-3-030-22090-7 | ||
| 942 | _cEBOOK | ||
| 999 |
_c1641852 _d1641852 |
||